Loading...
| Current Events | 3 | 6.67 | 67% | 0% | 0% |
| Fine Arts - Classical Music | 2 | 15.00 | 100% | 50% | 0% |
| Fine Arts - Other | 6 | 11.67 | 100% | 17% | 0% |
| Fine Arts - Painting and Sculpture | 2 | 10.00 | 50% | 50% | 0% |
| Geography | 3 | 20.00 | 100% | 33% | 67% |
| History - American | 4 | 17.50 | 100% | 75% | 0% |
| History - European | 3 | 26.67 | 100% | 67% | 100% |
| History - Other | 3 | 23.33 | 100% | 67% | 67% |
| History - World | 6 | 18.33 | 100% | 83% | 0% |
| Literature - Drama | 4 | 10.00 | 75% | 25% | 0% |
| Literature - Long Fiction | 8 | 15.00 | 88% | 50% | 13% |
| Literature - Misc | 1 | 10.00 | 100% | 0% | 0% |
| Literature - Poetry | 7 | 14.29 | 100% | 29% | 14% |
| Literature - Short Fiction | 2 | 20.00 | 100% | 50% | 50% |
| Mythology | 4 | 17.50 | 100% | 75% | 0% |
| Other Academic | 6 | 16.67 | 100% | 67% | 0% |
| Philosophy | 5 | 12.00 | 100% | 20% | 0% |
| Religion | 2 | 10.00 | 100% | 0% | 0% |
| Science - Biology | 4 | 12.50 | 100% | 25% | 0% |
| Science - Chemistry | 5 | 10.00 | 100% | 0% | 0% |
| Science - Other | 4 | 12.50 | 50% | 50% | 25% |
| Science - Physics | 5 | 12.00 | 100% | 20% | 0% |
| Short Fiction and Other | 3 | 10.00 | 100% | 0% | 0% |
| Social Science | 7 | 12.86 | 71% | 43% | 14% |